00967nam a2200217 a 450000100100000000500170001000800410002702000150006804000250008308200150010810000370012324501260016026001070028630000210039349000460041450400310046050000740049183000540056595201130061999900170073200004146420201002034919.0131007s1998 sp 000 0 spa d a8400077474 aDO-SdBNPbspacBNPHU axxxbS165e1 aSalicrú i Lluch, Roser.96814210aEsclaus I Propietaris D' Esclaus a la catalunya del segle XV :bl'assegurança contra fugues /cRoser Salicrú i Lluch. aBarcelona :bConsell Superior d'Investigacions Científiques, Institució Milá i Fontanals,c1998. a226 p. ;c24 cm.1 aAnuario de estudios medievalesaannexv34 aBibliografía: p. 215-221 aIncluye referencias bibliográficas y notas al pie de las páginas. 0aAnuario de estudios medievalespannexn34.968143 001050718MOaGRbGRcCTd2013-10-07iLF1l0oxxx S165ep41464-10r2020-06-25w2020-06-25y1ZNo se presta c40954d40954